000
00469nam a22001217a 4500
008
220102b |||||||| |||| 00| 0 eng d
082
_2
22
100
_a
குருபாதம், எஸ்.
_e
edt
245
_a
போதிதர்மர் பற்றிய அற்புதமான விஷயங்கள்
260
_a
சென்னை
_b
மணிமேகலைப் பிரசுரம்
_c
2014
300
_a
286 பக்கங்கள்
942
_c
EB
999
_c
3
_d
3